Szczegóły MARC21

"Odpowiednie dać rzeczy słowo" : 68. Ogólnopolska Pielgrzymka Nauczycieli i Wychowawców, Jasna Góra, 1-2 lipca 2005 /

003 -Nazwa inst., której nr kontr. jest w polu 001 [,]
    • @
    • Nazwa instytucji, której n kontrolny jest w polu 001
    • NUKAT
005 -DATA I CZAS OSTATNIEJ MODYFIKACJI [,]
    • @
    • pole kontrolne
    • 20241231105845.0
020 -Międzynarod. znormalizowany nr książki - ISBN [ , ]
    • a
    • Numer ISBN
    • 8391634124 Find
040 -Instytucja sporządzająca opis [ , ]
    • a
    • Instytucja, która sporządziła opis (NP)
    • LUBL KUL/JK
    • c
    • Instytucja, która sporządziła rekord (NP)
    • LUBL KUL/JK
    • d
    • Instytucja, która zmodyfikowała rekord (P)
    • LUBL KUL/JP
942 -Rodzaj dokumentu [ , ]
    • c
    • Rodzaj dokumentu
    • Książka
111 -Hasło główne - nazwa imprezy [2, ]
    • a
    • Nazwa imprezy (NP)
    • Ogólnopolska Pielgrzymka Nauczycieli i Wychowawców Find
    • n
    • Numer imprezy (P)
    • (68 ;
    • d
    • Data imprezy (NP)
    • 2005 ;
    • c
    • Miejsce imprezy (NP)
    • Częstochowa).
    • 9
    • KHW
    • 662423
245 -Strefa tytułu i oznaczenia odpowiedzialności [1,0]
    • a
    • Tytuł
    • "Odpowiednie dać rzeczy słowo" : Find
    • b
    • Ciąg dalszy tytułu (NP)
    • 68. Ogólnopolska Pielgrzymka Nauczycieli i Wychowawców, Jasna Góra, 1-2 lipca 2005 / Find
    • c
    • Pozostałe elementy strefy tytułu i oznaczenia odpowiedzialności (NP)
    • [red. Eugeniusz Jankiewicz ; Krajowe Duszpasterstwo Nauczycieli].
260 -Strefa adresu wydawniczego [ , ]
    • a
    • Miejsce wydania (P)
    • Zielona Góra :
    • b
    • Nazwa wydawcy (P)
    • Ogólnopolskie Stowarzyszenie Nauczycieli "Warsztaty w Drodze" :
    • b
    • Nazwa wydawcy (P)
    • KDN,
    • c
    • Data wydania (P)
    • 2005.
300 -Strefa opisu fizycznego [ , ]
    • a
    • Określenie formy książki i/lub objętość (NP)
    • 90 s. ;
    • c
    • Format (NP)
    • 21 cm.
336 -Typ zawartości [ , ]
    • a
    • Termin opisujący typ zawartości
    • Tekst
    • b
    • Kod określający zawartość
    • txt
    • 2
    • Źródło (terminu i kodu)
    • rdacontent
337 -Typ mediów [ , ]
    • a
    • Tryb odtwarzania
    • Bez urządzenia pośredniczącego
    • b
    • Kod typu mediów
    • n
    • 2
    • Źródło (terminu i kodu)
    • rdamedia
338 -Typ/rodzaj nośnika [ , ]
    • a
    • Hasło opisujące typ nośnika
    • Wolumin
    • b
    • Kod typu nośnika
    • nc
    • 2
    • Źródło (terminu i kodu)
    • rdacarrier
500 -Uwaga ogólna [ , ]
    • a
    • Uwaga ogólna (NP)
    • Zawiera materiały z IV Ogólnopolskiego Sympozjum Nauczycieli (1 lipca 2005 r., Jasna Góra).
080 -Uniwersalna Klasyfikacja Dziesiętna [ , ]
    • 2
    • Identyfikator wydania tablic
    • UDC-PO58
    • a
    • Symbol klasyfikacji
    • 37.064.2
    • b
    • Dopowiedzenie
    • Nauczyciele a uczniowie. Wychowanie w szkole.
    • x
    • Poddział wspólny
    • (438)
    • b
    • Dopowiedzenie
    • (Polska).
650 -Hasło przedmiotowe [ ,7]
    • a
    • Hasło przedmiotowe
    • Duszpasterstwo nauczycieli
    • z
    • Określnik geograficzny
    • Polska
    • y
    • Określnik chronologiczny
    • 1990-
    • v
    • Określnik formalny
    • konferencje.
    • 2
    • Źródło terminu
    • kaba
    • 9
    • KHW
    • 662296
650 -Hasło przedmiotowe [ ,7]
    • a
    • Hasło przedmiotowe
    • Edukacja
    • x
    • Określnik rzeczowy
    • aspekt religijny
    • x
    • Określnik rzeczowy
    • Kościół katolicki
    • v
    • Określnik formalny
    • konferencje.
    • 2
    • Źródło terminu
    • kaba
    • 9
    • KHW
    • 662294
650 -Hasło przedmiotowe [ ,7]
    • a
    • Hasło przedmiotowe
    • Pielgrzymi i pielgrzymki chrześcijańskie
    • z
    • Określnik geograficzny
    • Polska
    • z
    • Określnik geograficzny
    • Częstochowa
    • y
    • Określnik chronologiczny
    • 1990-.
    • 2
    • Źródło terminu
    • kaba
    • 9
    • KHW
    • 662295
980 -Symbol UKD [ , ]
    • a
    • UKD
    • 37.064.2(438)
700 -Hasło dodatkowe - nazwa osobowa [1, ]
    • a
    • Nazwa osobowa (NP)
    • Jankiewicz, Eugeniusz Find
    • d
    • Daty biograficzne (NP)
    • (1947- ).
    • e
    • Określenie rodzaju współpracy
    • Red.
    • 9
    • KHW
    • 662022
920 -ISBN [ , ]
    • a
    • ISBN
    • 83-916341-2-4 Find
Numer inwentarzowy Status udost. Data inwentaryzacji Lokalizacja Sygnatura
Pd.1901412007-12-19BG 
SA.1635512008-04-29BSASA.16355